000
00278nam a2200133Ia 4500
008
090124s9999 xx 000 0 und d
082
_b
11344
_a
2678
245
_a
कणव
250
_a
1
300
_a
421
630
_a
कणव
730
_a
कणव
942
_c
BOOK
999
_c
122836
_d
122836